Statistiche per Nomi dei calciatori - Quiz n°34

Clicka qui per fare il quiz!

Statistiche generali

  • Questo quiz è stato fatto 31 volte
  • Il punteggio medio è 8 su 10

Statistiche sulle risposte

HintRisposta% Corretto
CaputoFrancesco
92%
BonaventuraGiacomo
92%
PogbaPaul
92%
PerottiDiego
84%
DierEric
76%
RodríguezJames
76%
BrozovićMarcelo
76%
Yanga-MbiwaMapou
64%
OyarzabalMikel
64%
TrossardLeandro
52%

Distribuzione punteggi

Percentile per numero di risposta

Percentuale di utenti per punteggio

I tuoi punteggi nel tempo

Non hai fatto questo quiz